| 000 | 00799cab a2200289 4500 | ||
|---|---|---|---|
| 001 | ABS49421 | ||
| 008 | 090401t1993 xxu||||| |||| 00| 0 eng d | ||
| 035 | _a(Sirsi) u71169 | ||
| 041 | _aeng | ||
| 100 | _aWaldron, L. | ||
| 245 | _aQuantity surveying design and construct | ||
| 260 | _c1993 | ||
| 350 | _a0 | ||
| 490 |
_aSurveying Technician _v21(4) September 1993, 12-13(2) |
||
| 520 | _aDescribes the ICE`s design and build contract. | ||
| 650 | _aBOREHOLES | ||
| 650 | _aDESIGN AND BUILD | ||
| 650 | _aDOCUMENTS | ||
| 650 | _aEXPLORATORY EXCAVATION | ||
| 650 | _aEXTENSION OF TIME | ||
| 650 | _aICE CONDITIONS OF CONTRACT | ||
| 650 | _aNOMINATION | ||
| 650 | _aPAYMENT SCHEDULE | ||
| 690 | _aBUILT ENVIRONMENT-BUILDING CONTRACT FORMS | ||
| 942 | _n0 | ||
| 948 | _c04/03/1997 | ||
| 999 |
_c44832 _d44832 |
||